RAES (Registro nro. 47070)
[ vista simple ]
| 000 -CABECERA | |
|---|---|
| Longitud fija campo de control | 01448nms a2200397 c 4500 |
| 001 - NÚMERO DE CONTROL | |
| Número de control | 47070 |
| 003 - IDENTIFICADOR DE NÚMERO DE CONTROL | |
| Identificador del número de control | ES-MaCES |
| 005 - FECHA Y HORA DE LA ÚLTIMA TRANSACCIÓN | |
| Fecha y hora de la última transacción | 20250403105207.0 |
| 006 - ELEMENTOS DE LONGIUTUD FIJA--CARACTERÍSTICAS ADICIONALES DE TIPO DE MATERIAL--INFORMACION GENERAL | |
| Códigos de información de longitud fija - Características del material adicional | smr|por||||a00| | |
| 007 - PHYSICAL DESCRIPTION FIXED FIELD--GENERAL INFORMAT | |
| Campo fijo de descripción física | cr ||||||||||| |
| 008 - CAMPO FIJO DE DESCRIPCIÓN FIJA--INFORMACIÓN GENERAL | |
| Códigos de información de longitud fija | 160211c2015 sp mr|p|o||||a0|||||spa d |
| 040 ## - FUENTE DE CATALOGACIÓN | |
| Centro catalogador de origen | ES-MaCES |
| Lengua de catalogación | spa |
| Centro transcriptor | ES-MaCES |
| Centro modificado | ES-MaCES |
| 041 0# - CÓDIGO DE IDIOMA | |
| Código de lengua del texto;banda sonora o título independiente | spa |
| 245 00 - MENCIÓN DE TÍTULO | |
| Título | RAES |
| Resto del título | : revista de actualidad económica y social |
| Mención de responsabilidad, etc. | Consejo Económico y Social de Extremadura |
| Medio | Recurso electrónico |
| 246 33 - FORMA VARIANTE DEL TÍTULO | |
| Título propio ; Título en breve | Revista de actualidad económica y social |
| 260 ## - PUBLICACIÓN, DISTRIBUCIÓN, ETC (PIE DE IMPRENTA) | |
| Lugar de publicación, distribución, etc. | Mérida |
| Nombre del editor, distribuidor, etc. | CES de Extremadura |
| Fecha de publicación, distribución, etc. | 2015- |
| 300 ## - DESCRIPCIÓN FÍSICA | |
| Extensión | |
| 310 ## - PERIODICIDAD ACTUAL DE LA PUBLICACIÓN | |
| Periodicidad actual | Mensual |
| 362 0# - DATOS DE LA PUBLICACIÓN Y/O DESIGNACIÓN SECUENCIAL | |
| Fecha de publicación y;o designación secuencial | N. 1 (dic. 2015)- |
| 500 ## - NOTA GENERAL | |
| Nota general | Tít. tomado de la pantalla de la página de la revista (visitada: 11 de febrero de 2016) |
| 500 ## - NOTA GENERAL | |
| Nota general | Acceso abierto |
| 538 ## - NOTA DE DETALLES DEL SISTEMA | |
| Nota de detalles del sistema | Se requiere: conexión a Internet, navegador WWW y lector Adobe Acrobat |
| 541 ## - NOTA DE LA FUENTE INMEDIANTE DE ADQUISICIÓN | |
| Forma de adquisición | Gratuito |
| 650 #4 - ASIENTO SECUNDARIO DE MATERIA--TÉRMINO DE MATERIA | |
| 9 (RLIN) | 27081 |
| Término de materia o nombre geográfico como elemento inicial | condiciones económicas |
| 650 #4 - ASIENTO SECUNDARIO DE MATERIA--TÉRMINO DE MATERIA | |
| 9 (RLIN) | 30469 |
| Término de materia o nombre geográfico como elemento inicial | condiciones sociales |
| 650 #4 - ASIENTO SECUNDARIO DE MATERIA--TÉRMINO DE MATERIA | |
| 9 (RLIN) | 27073 |
| Término de materia o nombre geográfico como elemento inicial | indicador económico |
| 650 #4 - ASIENTO SECUNDARIO DE MATERIA--TÉRMINO DE MATERIA | |
| 9 (RLIN) | 27259 |
| Término de materia o nombre geográfico como elemento inicial | indicador social |
| 650 #4 - ASIENTO SECUNDARIO DE MATERIA--TÉRMINO DE MATERIA | |
| 9 (RLIN) | 29186 |
| Término de materia o nombre geográfico como elemento inicial | desarrollo regional |
| 650 #4 - ASIENTO SECUNDARIO DE MATERIA--TÉRMINO DE MATERIA | |
| 9 (RLIN) | 30798 |
| Término de materia o nombre geográfico como elemento inicial | Extremadura |
| 653 10 - TÉRMINO DE INDEXACIÓN--NO CONTROLADO | |
| Término no controlado | Informes de coyuntura |
| 710 2# - ENCABEZAMIENTO SECUNDARIO--NOMBRE CORPORATIVO | |
| 9 (RLIN) | 2436 |
| Nombre de entidad o nombre de jurisdicción como elemento inicial | Consejo Económico y Social de Extremadura |
| 856 4# - ACCESO ELECTRÓNICO | |
| Identificador Uniforme del Recurso (URI) | https://www.juntaex.es/w/revista-de-actualidad-economica-y-social-112?inheritRedirect=true |
| Texto del enlace | texto completo del último número |
| 905 ## - CES. DATOS REVISTA | |
| Formato | OL |
| 942 ## - ELEMENTOS KOHA | |
| Fuente de clasificaión o esquema | Clasificación propia del CES |
| Koha [por defecto] tipo de item | Periódicas |
| Parte de clasificación | Estadísticas Económicas y Sociales |
No hay ítems disponibles.
